ज्ञान रश्मियाँ ; (जीवन निर्माणकारी कथाओ का अनूठा संकलन ) (भाग -1) / (Record no. 205033)

MARC details
000 -LEADER
fixed length control field 01168nam a22002057a 4500
005 - DATE AND TIME OF LATEST TRANSACTION
control field 20240814122310.0
010 ## - LCCN (DPL NO)
LC control number HIN-128195
020 ## - INTERNATIONAL STANDARD BOOK NUMBER
International Standard Book Number 8189860119
Terms of availability 200.00
035 ## - SYSTEM CONTROL NUMBER
System control number HN-100541
037 ## - SOURCE OF ACQUISITION
Source of stock number/acquisition DBAD
082 ## - DEWEY DECIMAL CLASSIFICATION NUMBER
Classification number
100 ## - MAIN ENTRY--PERSONAL NAME
Personal name ज्ञान मुनिजी
245 ## - TITLE STATEMENT
Title ज्ञान रश्मियाँ ; (जीवन निर्माणकारी कथाओ का अनूठा संकलन ) (भाग -1) /
Statement of responsibility, etc ज्ञान मुनिजी ; गोलेछा, महाबीर एम और धींग दिलीप द्वारा संपादित
260 ## - PUBLICATION, DISTRIBUTION, ETC. (IMPRINT)
Place of publication, distribution, etc चेन्नई
Name of publisher, distributor, etc रिसर्च फाउंडेशन फॉर जैनोलोजी
Date of publication, distribution, etc 2012
270 ## - ADDRESS
Address सुगन हाउस ,18 रामानुजा अय्य्रर स्ट्रीट ,साहुकारपेट ,चेन्नई -600079
300 ## - PHYSICAL DESCRIPTION
Extent 500पृ.
Dimensions 25सेमी. (सजिल्द)
700 ## - ADDED ENTRY--PERSONAL NAME
Personal name गोलेच्छा ,महाबीर ,एम
9 (RLIN) 70023
700 ## - ADDED ENTRY--PERSONAL NAME
Personal name धींग , दिलीप
9 (RLIN) 70029
942 ## - ADDED ENTRY ELEMENTS (KOHA)
Source of classification or shelving scheme Dewey Decimal Classification
Item type Hindi Books
Classification part
Call number prefix ज्ञान
Holdings
Withdrawn status Lost status Not for loan Collection code Home library Current library Date acquired Source of acquisition Cost, normal purchase price Full call number Barcode Copy number Cost, replacement price Koha item type
      Fiction Patel Nagar Patel Nagar 14/08/2024 DBAD 200.00 HN-100541 1 200.00 Hindi Books

© Delhi Public Library
Hit Counter
free hit counter